000 04961cam a22012734i 4500
003 PE-LiUPU
005 20250813185329.0
008 140930s2012 xx 000 0 spa d
020 _a6074482209
020 _a9786074482201
035 _a(Sirsi) i9786074482201
040 _aCKJAV
_bspa
_cCKJAV
_dPE-LiUPU
_erda
049 _aPRUA
082 0 4 _a371.952
_bV17
_222
100 1 _aValadez Sierra, María de los Dolores,
_eautor.
245 1 0 _aAlumnos superdotados y talentosos :
_bidentificación, evaluación e intervención. Una perspectiva para docentes /
_cMaría Dolores Valadez Sierra, Julián Betancourt Morejón, María Alicia Zavala Berbena.
250 _aSegunda edición.
264 _aMéxico, D.F. :
_bManual Moderno,
_c2012.
300 _axviii, 425 páginas ;
_c23 centímetros.
336 _text
_2rdacontent
337 _unmediated
_2rdamedia
338 _volume
_2rdacarrier
504 _aIncluye referencias bibliográficas en todo el libro.
504 _aÍndices : páginas : 419-425.
505 2 _aCreatividad e inteligencia: interrogantes y respuetas -- Modelos teóricos de la superdotación, el talento y las aptitudes sobresalientes -- Construyendo el talento a partir de la dotación: breve revisión del MDDT 2.0 -- Estrategias de aprendizaje en alumnos superdotados y talentosos -- Identificación y evaluación de niños superdotados y talentosos -- Idetificación temprana -- Evaluar la creatividad: un reto imaginativo -- Mapa curricular creativo integral para niños con talentos en el preescolar -- Programas educativos para alumnos con alta capacidad: sistema de enrrequecimiento -- Herrmientas psicopedagógicas para la intervención en alumnos con aptitudes sobresalientes o talentos específicos en México -- La gran aventura de aprender a pensar mediante la solución de problemas -- Consideraciones teóricas y prácticas para el diseño de una epxeriencia de enrrequecimiento extracurricular -- Intervención en jóvenes superdotados en secundaria -- Superdotación, talento y transtorno asociados: transtornos de aprendizaje y TDHA -- Pautas de orientación para profesores con alumnado de altas capacidades -- Adaptaciones curriculares de enrrequecimiento para el alumnado con altas capacidades intelectuales: una propuesta para la práctica docente -- Pautas de orientación a padres de niños(as) con altas capacidades -- Estrategias para la formación del profesorado y los equipos psicopedagógicos en la atención educativa al alumnado con altas capacidades intelectuales -- Programas de intervención en altas capacidades intelectuales y su evaluación -- Acreditación y promoción anticipada de los alumnos altamente sobresalientes.
526 _aP202
526 _aP201
526 _aP163
526 _aP162
526 _aP161
526 _aP160
526 _aP148
526 _aP147
526 _aP146
526 _aP145
526 _aP144
526 _aP143
526 _aP142
526 _aP141
526 _aP140
526 _aP139
526 _aP138
526 _aP137
526 _aP136
526 _aP135
526 _aP134
526 _aP133
526 _aP129
526 _aP128
526 _aP127
526 _aP120
526 _aP119
526 _aP118
526 _aP116
526 _aP115
526 _aP114
526 _aP110
526 _aP109
526 _aP108
526 _aP104
526 _aP103
526 _aP102
526 _aP99
526 _aP98
526 _aP97
526 _aP96
526 _aP95
526 _aP93
526 _aP90
526 _aP89
526 _aP88
526 _aP83
526 _aP82
526 _aP62
526 _aP59
526 _aP58
526 _aP57
526 _aP51
526 _aP49
526 _aP48
526 _aP47
526 _aP29
526 _aP24
526 _aP20
526 _aP19
526 _aP17
526 _aP15
526 _aP14
526 _aP12
526 _aP10
526 _aP09
526 _aP08
526 _aP07
526 _aP06
526 _aP05
526 _aP04
526 _aP01
541 _g0020-0000903;
650 1 4 _aEducación de niños superdotados.
650 2 4 _aEducación
_xAdministración.
650 2 4 _aEducación
_xOrganizaciones e instituciones.
700 1 _aBetancourt Morejón, Julián,
_eautor.
700 1 _aZavala Berbena, María Alicia,
_eautor.
942 _2ddc
_cBOOK
949 _a371.952 V17
_wDEWEY
_c1
_i74072
_lCCODEBUL1
_mBUL
_p33.43
_r0
_sY
_tBOOK
_u2016-7-15
_xEDUCACION
_PP20
_0COMPRA
_o.STAFF. Colección General
994 _aC0
_bPEPRU
596 _a1
999 _a371.952 V17
_wDEWEY
_c11288
_i74072
_d11288
_e2019-8-20
_f2021-11-8
_g5
_lCCODEBUL1
_mBUL
_n1
_p33.43
_r0
_sY
_tBOOK
_u2016-7-15
_xEDUCACION
_PP20
_0COMPRA
_o.STAFF. Colección General
980 _81
_gALBERTO SANCHEZ Responsable de Automatización